00447nam a2200145 450000500170000000800410001702000180005810000570007624500690013325000160020226000290021830000260024794200150027399900130028820260212134443.0260212b |||||||| |||| 00| 0 eng d a9781935660491 aGladwin T. Mark, Trattler William and Mahan C. Scott aClinical Microbiology Made Ridiculously Simplec/Mark T. Gladwin a9th Edition aMiami;bMedMaster;c2023 avii,403p ill;c28.5cm 2lccn0cBK c155d155